000 00705nam a2200205Ia 4500
003 GCL
008 140319s9999 xx 000 0 ara d
040 _aGCL /
_cGCL
082 0 4 _a629.8
_bا ت
100 1 _aاحمد عبدالمتعال
245 1 0 _aالتحكم الاليكتروهيدروليكى وتطبيقاته /
_cاحمد عبدالمتعال
260 _a[S.N] :
_bدار النشر للجامعات المصرية ،
_c1994
300 _a263 ص
490 _aسلسلة التحكم العملية
_v0
650 0 4 _aالتحكم الالكترونى
650 0 4 _aالتحكم الالى
650 0 4 _aنظام التحكم
650 0 4 _aوحدات التحكم
942 _2ddc
_cBK
999 _c37319
_d37319